[Event "POL-chT 2nd League"]
[Site "Ustron"]
[Date "2008.09.11"]
[Round "5.63"]
[White "Siekaniec, Jan"]
[Black "Nowak, Rafal"]
[Result "0-1"]
[WhiteElo "2184"]
[BlackElo "2008"]
[PlyCount "94"]
[EventDate "2008.09.06"]
[EventType "team-swiss"]
[EventRounds "9"]
[EventCountry "POL"]
[SourceTitle "EXT 2015"]
[Source "ChessBase"]
[SourceDate "2014.11.20"]
[SourceVersion "1"]
[SourceVersionDate "2014.11.20"]
[SourceQuality "1"]
[WhiteTeam "Prudnik LKS Zarzewie"]
[BlackTeam "Gniezno LKS Chrobry"]
[WhiteTeamCountry "POL"]
[BlackTeamCountry "POL"]

1. e4 c5 2. Nf3 e6 3. d4 cxd4 4. Nxd4 Nc6 5. Nc3 Qc7 6. Be2 a6 7. 0-0 Nf6 8. a3 Nxd4 9. Qxd4 Bc5 10. Qd3 b5 11. Bg5 Bb7 12. Rad1 Be7 13. e5 Nd5 14. Nxd5 Bxd5 15. Bxe7 Kxe7 16. Qg3 Qxc2 17. Qh4+ Ke8 18. Rxd5 exd5 19. Bf3 Qc4 20. Qg5 Rc8 21. Qxg7 Rf8 22. Qxh7 Qf4 23. Qd3 Rc1 24. Qxd5 Rxf1+ 25. Kxf1 Qc1+ 26. Bd1 Rh8 27. h3 Rh6 28. Kg1 Ke7 29. Qd4 d6 30. Kh2 dxe5 31. Qxe5+ Re6 32. Qd4 Rd6 33. Qh4+ Kf8 34. Qh8+ Ke7 35. Qe5+ Re6 36. Qd4 Rd6 37. Qe4+ Kf8 38. Bh5 Qxb2 39. f4 Qd4 40. Qf3 Rf6 41. Kg3 a5 42. Kg4 b4 43. axb4 axb4 44. g3 Qc3 45. Qd5 b3 46. Kg5 Qxg3+ 47. Bg4 Qxf4+ 0-1

[Event "POL-chT 2nd League"]
[Site "Ustron"]
[Date "2008.09.10"]
[Round "4.81"]
[White "Kaczmarek, Piotr"]
[Black "Siekaniec, Jan"]
[Result "0-1"]
[WhiteElo "1935"]
[BlackElo "2184"]
[PlyCount "120"]
[EventDate "2008.09.06"]
[EventType "team-swiss"]
[EventRounds "9"]
[EventCountry "POL"]
[SourceTitle "EXT 2015"]
[Source "ChessBase"]
[SourceDate "2014.11.20"]
[SourceVersion "1"]
[SourceVersionDate "2014.11.20"]
[SourceQuality "1"]
[WhiteTeam "Poznan Lech"]
[BlackTeam "Prudnik LKS Zarzewie"]
[WhiteTeamCountry "POL"]
[BlackTeamCountry "POL"]

1. d4 Nf6 2. c4 g6 3. Nc3 Bg7 4. e4 d6 5. f3 Nc6 6. Be3 a6 7. Qd2 Rb8 8. a4 0-0 9. Nge2 Re8 10. Rb1 e5 11. d5 Na5 12. Nc1 c5 13. Bg5 Qb6 14. b3 Qc7 15. g4 b6 16. Bh6 Qe7 17. h4 Bxh6 18. Qxh6 Qf8 19. Qg5 Qe7 20. Bd3 Bd7 21. h5 Nxd5 22. Qxe7 Nxe7 23. hxg6 hxg6 24. Nd5 Nxd5 25. cxd5 b5 26. axb5 axb5 27. b4 Nb7 28. Kd2 c4 29. Bc2 Ra8 30. Ne2 Ra3 31. Nc3 Rea8 32. Rh3 Ra1 33. Rhh1 Rxb1 34. Rxb1 f6 35. Rb2 Kg7 36. Ra2 Rxa2 37. Nxa2 Kh6 38. Nc3 Kg5 39. Ke3 Nd8 40. Nb1 Nf7 41. Nc3 Kh4 42. Kf2 Ng5 43. Ne2 Nh3+ 44. Ke3 Kg5 45. Bb1 Nf4 46. Nc3 Kh4 47. Kf2 Kh3 48. Bc2 Kh2 49. Bb1 Nh3+ 50. Ke3 Kg2 51. Bc2 Kf1 52. Nb1 Nf4 53. Kd2 Kf2 54. Bd1 Nd3 55. Kc3 Ke1 56. Bc2 Ke2 57. Bxd3+ cxd3 58. Nd2 g5 59. Nb3 Kxf3 60. Kxd3 Kxg4 0-1